[Event "Ì11Ï "]
[Site "Loo"]
[Date "2017.04.20"]
[Round "1.25"]
[White "ßøêàåâ, Àëåêñàíäð."]
[Black "Øåðåìåòüåâ, Âëàäèñëàâ."]
[Result "0-1"]
[WhiteElo "1182"]
[BlackElo "1469"]
[PlyCount "86"]
[EventDate "2017.04.20"]

1. d4 d5 2. c4 c6 3. Nc3 Nf6 4. Nf3 a6 5. e3 Bf5 6. Be2 e6 7. O-O Be7 8. c5
Nbd7 9. Qb3 Qc7 10. Bd2 e5 11. a4 a5 12. Nxe5 Nxe5 13. dxe5 Nd7 14. f4 Nxc5 15.
Qd1 Qb6 16. Bg4 Bd3 17. Rf2 Qxb2 18. Be1 Qb3 19. Rd2 Qxc3 20. Rc1 Qb3 21. Rxc5
Qxd1 22. Rxd1 Bxc5 23. Rxd3 O-O 24. Rc3 Bb4 25. Rc1 Bxe1 26. Rxe1 Rfd8 27. Rd1
c5 28. Bf3 Rd7 29. Bg4 Rdd8 30. Bf3 d4 31. e4 c4 32. Bg4 c3 33. e6 Kf8 34. f5
fxe6 35. fxe6 c2 36. Rf1+ Ke8 37. Kf2 d3 38. Ke3 d2 39. e5 d1=Q 40. Rxd1 Rxd1
41. Bxd1 cxd1=Q 42. Kf4 Ke7 43. Kg5 h6+ 0-1

[Event "Ì11Ï "]
[Site "Loo"]
[Date "2017.04.20"]
[Round "1.26"]
[White "Êóðíîñîâ, Åãîð."]
[Black "Íåôåäîâ, Èëüÿ."]
[Result "1-0"]
[WhiteElo "1467"]
[BlackElo "1179"]
[PlyCount "25"]
[EventDate "2017.04.20"]

1. d4 d5 2. c4 c6 3. Nc3 Nf6 4. Bg5 e6 5. Nf3 Na6 6. e3 Be7 7. a3 h6 8. Bh4 Nc7
9. Qc2 c5 10. Ne5 Nh5 11. Bg3 f6 12. Qg6+ Kf8 13. Qf7# 1-0

[Event "Ì11Ï "]
[Site "Loo"]
[Date "2017.04.20"]
[Round "1.27"]
[White "Ìîøêîâ, Àëåêñàíäð."]
[Black "Êðîòîâ, Äàìèàí."]
[Result "1/2-1/2"]
[WhiteElo "1178"]
[BlackElo "1466"]
[PlyCount "87"]
[EventDate "2017.04.20"]

1. e4 c5 2. Nc3 e6 3. d3 a6 4. Be2 Qc7 5. f4 d6 6. Nf3 Nd7 7. Kf2 Ngf6 8. h3
Be7 9. Rf1 b5 10. Kg1 Bb7 11. Be3 O-O 12. Qd2 Rac8 13. Nd1 b4 14. Rc1 Rfd8 15.
Nf2 Nb6 16. g4 a5 17. g5 Ne8 18. Ng4 d5 19. e5 c4 20. Bd1 Na4 21. Qf2 Qc6 22.
Nd4 Qa6 23. Be2 Nc7 24. Kh2 Bc5 25. Rg1 Nb5 26. Nf6+ gxf6 27. gxf6+ Kf8 28. Qg3
Ke8 29. Qg8+ Bf8 30. Rg7 Rc7 31. Qh8 Nxd4 32. Bxd4 Qa8 33. b3 cxb3 34. axb3 Nc5
35. Bh5 Kd7 36. Rxf7+ Kc6 37. Qxh7 Rxf7 38. Qxf7 Rd7 39. Qe8 Kc7 40. Bxc5 Bxc5
41. Qxe6 Be3 42. Re1 Bxf4+ 43. Kg1 Qa7+ 44. Kf1 1/2-1/2

[Event "Ì11Ï "]
[Site "Loo"]
[Date "2017.04.20"]
[Round "1.28"]
[White "Ðóäíûé, Èëüÿ."]
[Black "Êîðîëåâ, Íèêîëàé."]
[Result "1-0"]
[WhiteElo "1465"]
[BlackElo "1169"]
[PlyCount "87"]
[EventDate "2017.04.20"]

1. d4 Nf6 2. c4 g6 3. Nc3 d5 4. cxd5 Nxd5 5. Bd2 Bg7 6. e4 Nb6 7. Be3 O-O 8. h3
Re8 9. Nf3 a6 10. Be2 e6 11. O-O Nc6 12. Qd2 Qd6 13. e5 Qd7 14. Ne4 Nd5 15. Bh6
Bh8 16. Bg5 b5 17. Nc5 Qd8 18. Bxd8 Rxd8 19. Ne4 Nce7 20. g4 Bb7 21. Nc5 Bc6
22. Bd1 Rab8 23. a4 Rb6 24. axb5 Bxb5 25. Be2 Bxe2 26. Qxe2 Rdb8 27. b3 Ra8 28.
Rxa6 Rbxa6 29. Nxa6 Nf4 30. Qb5 Bg7 31. Qb7 Re8 32. Nxc7 Rf8 33. Qe4 Ned5 34.
Nxd5 Nxd5 35. Rc1 Bh6 36. g5 Bg7 37. Nh2 Rb8 38. Ng4 Rf8 39. Nf6+ Nxf6 40. exf6
Bh8 41. Qb7 Re8 42. Rc8 Rf8 43. Rxf8+ Kxf8 44. Qc8# 1-0

[Event "Ì11Ï "]
[Site "Loo"]
[Date "2017.04.20"]
[Round "1.29"]
[White "Êóäèíîâ, Ðîìàí."]
[Black "Êàðïåíöåâ, Ìèõàèë."]
[Result "1/2-1/2"]
[WhiteElo "1163"]
[BlackElo "1465"]
[PlyCount "132"]
[EventDate "2017.04.20"]

1. Nf3 c5 2. d4 cxd4 3. Nxd4 d6 4. g3 Nc6 5. Bg2 Bd7 6. O-O Nf6 7. c4 g6 8. b3
Bg7 9. Bb2 O-O 10. e3 a6 11. Nd2 Qc7 12. f4 Nxd4 13. exd4 Ng4 14. Re1 e5 15.
fxe5 dxe5 16. Nf3 exd4 17. Nxd4 Rfe8 18. Qd2 Bh6 19. Qc3 Bg7 20. a4 a5 21. Qf3
Qc5 22. Re4 Rxe4 23. Qxe4 Re8 24. Qd5 Qxd5 25. Bxd5 Re3 26. Rf1 Nh6 27. Bxb7
Rd3 28. Rf4 Rd1+ 29. Kg2 Rd2+ 30. Rf2 Bh3+ 31. Kf3 Rxf2+ 32. Kxf2 Nf5 33. Nxf5
Bxb2 34. Nd6 Bd4+ 35. Ke2 Kf8 36. Kd3 Bg1 37. Kc3 Ke7 38. Ne4 Bd7 39. b4 axb4+
40. Kxb4 f5 41. Ng5 h6 42. Nf3 Ba7 43. c5 Kd8 44. c6 Be6 45. Ne5 g5 46. Nd3 h5
47. Nc5 Bc8 48. Bxc8 Kxc8 49. Ne6 Be3 50. Kc3 Bg1 51. h3 Bf2 52. g4 fxg4 53.
hxg4 hxg4 54. Kd2 g3 55. Ke2 Ba7 56. Kf3 Bf2 57. a5 g4+ 58. Kg2 Be1 59. a6 Bf2
60. c7 Kd7 61. Kf1 Bb6 62. Kg2 Bf2 63. Kh1 Bb6 64. Kg2 Bf2 65. a7 Bxa7 66. Kxg3
Bb6 1/2-1/2

[Event "Ì11Ï "]
[Site "Loo"]
[Date "2017.04.20"]
[Round "1.30"]
[White "Øèíêàðîâ, Àðòåì."]
[Black "Ãåîðãèåâ, Àëåêñåé."]
[Result "1-0"]
[WhiteElo "1451"]
[BlackElo "1160"]
[PlyCount "53"]
[EventDate "2017.04.20"]

1. d4 Nf6 2. c4 g6 3. Nc3 Bg7 4. e4 d6 5. Be2 O-O 6. Bg5 h6 7. Be3 Nbd7 8. Qd2
Kh7 9. f3 e5 10. d5 a5 11. Nh3 Nc5 12. Nf2 b6 13. O-O Nh5 14. Nd3 f5 15. Nxc5
dxc5 16. Nb5 f4 17. Bf2 Nf6 18. Rad1 Bd7 19. d6 Bxb5 20. cxb5 Ne8 21. dxc7 Nxc7
22. Bc4 Bf6 23. Qd6 Rb8 24. Qc6 Qe8 25. Qxc7+ Kh8 26. Rd7 Rc8 27. Rh7# 1-0

[Event "Ì11Ï "]
[Site "Loo"]
[Date "2017.04.20"]
[Round "1.31"]
[White "Ìàðäîÿí, Òèãðàí."]
[Black "Ðàæáàäèíîâ, Ðàñóë."]
[Result "0-1"]
[WhiteElo "1159"]
[BlackElo "1442"]
[PlyCount "74"]
[EventDate "2017.04.20"]

1. e4 e5 2. Nf3 Nc6 3. Bc4 Bc5 4. Nc3 Nf6 5. d3 h6 6. h3 d6 7. O-O O-O 8. Be3
Bb6 9. Re1 Be6 10. Bb3 Qd7 11. Bxe6 fxe6 12. Qd2 Qf7 13. Bxh6 gxh6 14. Qxh6 Qg7
15. Qxg7+ Kxg7 16. a3 a6 17. b4 Nd4 18. Ra2 Nxf3+ 19. gxf3 Nh5 20. Ne2 Rxf3 21.
Kg2 Rxf2+ 22. Kh1 Rxe2 23. Rxe2 Ng3+ 24. Kh2 Nxe2 25. c4 Nc3 26. Rg2+ Kf7 27.
Rg3 Rf8 28. Rf3+ Ke7 29. Rg3 Rf2+ 30. Kh1 Kf7 31. h4 Rf1+ 32. Kh2 Ne2 33. Rg5
Rg1 34. Rh5 Kg7 35. Kh3 Rg3+ 36. Kh2 Rg2+ 37. Kh3 Nf4# 0-1

[Event "Ì11Ï "]
[Site "Loo"]
[Date "2017.04.20"]
[Round "1.32"]
[White "Ñåì¸íîâ, Èëüÿ."]
[Black "Àãàïîâ, Ìèõàèë."]
[Result "1-0"]
[WhiteElo "1440"]
[BlackElo "1152"]
[PlyCount "97"]
[EventDate "2017.04.20"]

1. e4 e5 2. Nf3 Nc6 3. Bc4 Bc5 4. c3 Bb6 5. d4 Nf6 6. Bg5 h6 7. Bh4 g5 8. Bg3
Nxe4 9. Bxe5 Nxe5 10. Nxe5 d6 11. Nxf7 Qe7 12. Qe2 Rf8 13. Bd5 Be6 14. Bxb7
Nxf2 15. Bc6+ Bd7 16. Qxe7+ Kxe7 17. Bxd7 Rxf7 18. Bc6 Rd8 19. O-O Rdf8 20. Bf3
Nd3 21. b3 c5 22. Be2 Nf4 23. Re1 Rf6 24. Bb5+ Kd8 25. dxc5 Bxc5+ 26. Kh1 Ne6
27. Nd2 Nc7 28. Bd3 Nd5 29. Ne4 Rf4 30. Nxc5 dxc5 31. c4 Nb4 32. Bg6 Rf2 33.
Rad1+ Kc7 34. Re7+ Kb6 35. Re6+ Nc6 36. h3 Kc7 37. Be4 Nd4 38. Re7+ Kb6 39.
Rb7+ Ka6 40. Rh7 Re2 41. Rxh6+ Ka5 42. Bb7 Rxa2 43. Ra6+ Kb4 44. Rxa2 Kxb3 45.
Rxa7 Kxc4 46. Ba6+ Kc3 47. Rc1+ Kb4 48. Rb7+ Ka5 49. Ra1# 1-0

[Event "Ì11Ï "]
[Site "Loo"]
[Date "2017.04.20"]
[Round "1.33"]
[White "Íèêèòèí, Àðòåì."]
[Black "Ìàììàäîâ, Èëüãàð."]
[Result "1-0"]
[WhiteElo "1148"]
[BlackElo "1440"]
[PlyCount "77"]
[EventDate "2017.04.20"]

1. d4 Nf6 2. c4 g6 3. Nc3 Bg7 4. Nf3 d6 5. e3 O-O 6. Bd3 Nbd7 7. O-O e5 8. Re1
Qe7 9. Bc2 Nb6 10. b3 e4 11. Nd2 Bf5 12. Ba3 Rfe8 13. c5 Nbd5 14. Nb5 a6 15.
cxd6 Qd7 16. Nxc7 Nxc7 17. dxc7 Qxc7 18. Rc1 Qa5 19. Nc4 Qd8 20. Nd6 Re6 21.
Nxb7 Qb8 22. Nc5 Rb6 23. f3 exf3 24. Bxf5 gxf5 25. Qxf3 Ng4 26. g3 Rh6 27. Re2
Rh3 28. Rec2 Nxh2 29. Qf4 Nf3+ 30. Kg2 Ng5 31. Qxg5 Rh6 32. Qxf5 Rg6 33. Qf4
Qd8 34. Ne4 Bh6 35. Qf5 Kg7 36. Rc8 Rxc8 37. Rxc8 Qb6 38. Qe5+ f6 39. Qe7# 1-0

[Event "Ì11Ï "]
[Site "Loo"]
[Date "2017.04.20"]
[Round "1.34"]
[White "Ñåðåáðÿêîâ, Ñàââà."]
[Black "Ñàáèðîâ, Ìàðñåëü."]
[Result "1-0"]
[WhiteElo "1432"]
[BlackElo "1138"]
[PlyCount "91"]
[EventDate "2017.04.20"]

1. e4 e5 2. Nf3 Nc6 3. Bb5 f5 4. d3 fxe4 5. dxe4 d6 6. Nc3 Nf6 7. Bg5 Be7 8.
Nd5 O-O 9. Nxe7+ Qxe7 10. O-O Bg4 11. h3 Bxf3 12. Qxf3 Nd4 13. Qd3 Kh8 14. Bc4
Rad8 15. c3 Ne6 16. Bxe6 Qxe6 17. Bxf6 Rxf6 18. Qd5 Qc8 19. Rad1 Rg6 20. Kh2
Rf8 21. c4 Rff6 22. c5 Rh6 23. Rd3 Rf8 24. Rc3 b6 25. cxd6 Rxd6 26. Qxe5 Re8
27. Qxd6 cxd6 28. Rxc8 Rxc8 29. Rd1 Rd8 30. e5 d5 31. Kg3 g6 32. e6 Kg7 33. e7
Re8 34. Rxd5 Rxe7 35. Kf3 Kf6 36. Rd4 g5 37. b3 h5 38. Rd6+ Kg7 39. Rd4 Kf6 40.
Re4 Rc7 41. Ke3 Rc2 42. Ra4 a5 43. h4 gxh4 44. Rxh4 Rxa2 45. Rxh5 Ra3 46. Rb5
1-0

[Event "Ì11Ï "]
[Site "Loo"]
[Date "2017.04.20"]
[Round "1.35"]
[White "Êàðòàëÿí, Ãàñïàð."]
[Black "Ôàäååâ, Àëåêñåé."]
[Result "0-1"]
[WhiteElo "1135"]
[BlackElo "1431"]
[PlyCount "92"]
[EventDate "2017.04.20"]

1. e4 e5 2. Nf3 Nc6 3. Bc4 Bc5 4. c3 Nf6 5. d4 exd4 6. O-O Nxe4 7. cxd4 Bb4 8.
Ne5 d5 9. Qf3 O-O 10. Nxc6 bxc6 11. Bd3 Nf6 12. Qg3 Bd6 13. Qh4 Be7 14. Bg5 h6
15. Bxh6 Ne4 16. Qh5 gxh6 17. Qxh6 Bg5 18. Qh5 Bf5 19. f3 Ng3 20. hxg3 Bxd3 21.
Rd1 Bc2 22. Re1 Bg6 23. Qh2 Qf6 24. Rd1 Bc2 25. Re1 Qxd4+ 26. Kh1 Qxb2 27. f4
Qxa1 28. fxg5 Qg7 29. Qh4 Rfe8 30. Rc1 Qg6 31. Nd2 Re2 32. Nf3 Be4 33. Rf1 Bxf3
34. Rxf3 Re1+ 35. Kh2 Rf8 36. Rf6 Qb1 37. Kh3 Rh1+ 38. Kg4 Qe4+ 39. Rf4 Qe6+
40. Rf5 Rxh4+ 41. gxh4 d4 42. Kf4 d3 43. Rf6 d2 44. Rxe6 fxe6+ 45. Kg3 d1=Q 46.
Kh2 Rf1 0-1

[Event "Ì11Ï "]
[Site "Loo"]
[Date "2017.04.20"]
[Round "1.36"]
[White "Ñåïèàøâèëè, Èâàí."]
[Black "Èâàíàåâ, Âëàäèñëàâ."]
[Result "0-1"]
[WhiteElo "1431"]
[BlackElo "1114"]
[PlyCount "69"]
[EventDate "2017.04.20"]

1. e4 e5 2. Nf3 Nc6 3. Bb5 Nf6 4. d3 Bc5 5. O-O d6 6. c3 Bg4 7. Nbd2 O-O 8. Re1
a6 9. Ba4 d5 10. Qe2 b5 11. Bc2 b4 12. a3 a5 13. Ba4 bxc3 14. bxc3 Ne7 15. Nf1
dxe4 16. dxe4 Ng6 17. h3 Bxf3 18. Qxf3 Nh4 19. Qe2 Qe7 20. Ng3 Rad8 21. Bg5 Ng6
22. Nf5 Qe6 23. Bb5 h6 24. Bc4 Qc6 25. Bb5 Qb6 26. Bxf6 Nf4 27. Qf3 Qxf6 28. a4
Qb6 29. Qg3 g6 30. Nxh6+ Kg7 31. Ng4 c6 32. Bc4 Rd2 33. Rab1 Qa7 34. Qh4 Nh5
35. Rf1 0-1

[Event "Ì11Ï "]
[Site "Loo"]
[Date "2017.04.20"]
[Round "1.37"]
[White "Ñåðàæèì, Àëåêñàíäð."]
[Black "Ìèõàéëåíêî, Íèêèòà."]
[Result "0-1"]
[WhiteElo "1109"]
[BlackElo "1428"]
[PlyCount "70"]
[EventDate "2017.04.20"]

1. e4 e5 2. d4 exd4 3. c3 dxc3 4. Nxc3 Bc5 5. Bc4 d6 6. Nf3 Nf6 7. Bg5 c6 8. e5
Qe7 9. Qe2 dxe5 10. Qxe5 Qxe5+ 11. Nxe5 O-O 12. Bxf6 gxf6 13. Nd3 Bd6 14. O-O-O
Bf5 15. g3 Nd7 16. g4 Bxd3 17. Rxd3 Bf4+ 18. Kc2 Nc5 19. Rf3 Be5 20. Rf5 b5 21.
Bd3 Rfd8 22. Rd1 Nxd3 23. Rxd3 Rxd3 24. Kxd3 Rd8+ 25. Kc2 Rd4 26. h3 Rc4 27.
Kb3 a5 28. a3 a4+ 29. Kc2 c5 30. Kd2 b4 31. axb4 Bxc3+ 32. bxc3 a3 33. Kc2 cxb4
34. Rb5 Rxc3+ 35. Kd2 a2 0-1

[Event "Ì11Ï "]
[Site "Loo"]
[Date "2017.04.20"]
[Round "1.38"]
[White "Íåãîðååâ, Çàõàð."]
[Black "×åðíÿåâ, Äàíèë."]
[Result "1-0"]
[WhiteElo "1428"]
[BlackElo "1108"]
[PlyCount "119"]
[EventDate "2017.04.20"]

1. Nf3 d5 2. c4 c6 3. b3 dxc4 4. bxc4 Bg4 5. Ne5 Nf6 6. Nxg4 Nxg4 7. e3 Nf6 8.
d4 Nbd7 9. Be2 e6 10. O-O Bd6 11. Nc3 O-O 12. Qb3 Qc7 13. g3 e5 14. d5 cxd5 15.
cxd5 Nc5 16. Qc2 Nce4 17. Bb2 Nxc3 18. Qxc3 Qxc3 19. Bxc3 Nxd5 20. Bd2 Nf6 21.
Rab1 b6 22. Bb4 Bxb4 23. Rxb4 Rfd8 24. Rb2 Rac8 25. Rd1 Rxd1+ 26. Bxd1 Rc1 27.
Rd2 g6 28. f3 Rc3 29. Kf2 e4 30. f4 Ng4+ 31. Bxg4 f5 32. Bd1 Rc7 33. Ke2 Kg7
34. Rc2 Rd7 35. Rd2 Rc7 36. Ba4 Rc3 37. Rd7+ Kh6 38. Bb3 a5 39. Kd2 Rc5 40. Bg8
Kh5 41. Bxh7 b5 42. Rd6 b4 43. Bxg6+ Kg4 44. Bf7 Rc3 45. Bb3 Rc7 46. h4 Kh5 47.
Rd5 Kg4 48. Rxa5 Rh7 49. Be6 Kxg3 50. Bxf5 Rxh4 51. Bxe4 Rh2+ 52. Kd3 Rh8 53.
Rb5 Rd8+ 54. Bd5 Kg4 55. Kd4 Kf5 56. Rxb4 Kf6 57. a4 Ke7 58. a5 Kd6 59. a6 Kc7
60. a7 1-0

[Event "Ì11Ï "]
[Site "Loo"]
[Date "2017.04.20"]
[Round "1.39"]
[White "Âîðîíèí, Íèêèòà."]
[Black "Âàõòèí, Ïåòð."]
[Result "0-1"]
[WhiteElo "1104"]
[BlackElo "1428"]
[PlyCount "130"]
[EventDate "2017.04.20"]

1. d4 d5 2. Nf3 Nf6 3. Bf4 e6 4. e3 c5 5. c3 Nc6 6. h3 h6 7. Bd3 cxd4 8. cxd4
Bd6 9. Ne5 Bxe5 10. dxe5 Nd7 11. Bg3 Ncxe5 12. Bc2 Nc4 13. Qd4 Qf6 14. Qxf6
Nxf6 15. b3 Nb6 16. Nc3 Bd7 17. Bd3 a6 18. Ke2 O-O 19. Rhc1 Rfc8 20. a4 d4 21.
exd4 Nbd5 22. Nxd5 Nxd5 23. Kd2 Nb4 24. Be4 Bc6 25. Bxc6 Rxc6 26. Rxc6 Nxc6 27.
Ke3 Na5 28. Bc7 Nc6 29. Rc1 Rc8 30. Bb6 Re8 31. Ke4 f5+ 32. Ke3 Nb4 33. Rc4
Nd5+ 34. Kd3 Nxb6 35. Rc7 Rb8 36. Re7 Nd5 37. Rd7 Kf8 38. g3 Nb4+ 39. Kc4 Nc6
40. Kc5 Nd8 41. Kd6 Rc8 42. Rc7 Rxc7 43. Kxc7 Ke7 44. Kb6 Kd6 45. Ka7 g5 46. a5
Kd5 47. Kb6 Kxd4 48. Kc7 Nc6 49. Kxb7 Nxa5+ 50. Kxa6 Nxb3 51. Kb6 Nc5 52. Kc6
Ne4 53. Kd7 Ke5 54. Ke7 Nxf2 55. Kf7 Ne4 56. Kg6 Nxg3 57. Kxh6 f4 58. Kxg5 f3
59. Kg4 f2 60. Kxg3 f1=Q 61. h4 Qf4+ 62. Kh3 Ke4 63. Kg2 Qxh4 64. Kg1 Kf3 65.
Kf1 Qh1# 0-1

[Event "Ì11Ï "]
[Site "Loo"]
[Date "2017.04.20"]
[Round "1.40"]
[White "Öûáåíîâ, Àðñëàí."]
[Black "Ïðèùåíêî, Èëüÿ."]
[Result "1-0"]
[WhiteElo "1425"]
[BlackElo "1101"]
[PlyCount "119"]
[EventDate "2017.04.20"]

1. e4 e5 2. Nf3 Nf6 3. Nxe5 d6 4. Nf3 Nxe4 5. Nc3 Nxc3 6. dxc3 Nc6 7. Be2 Bg4
8. Be3 Be7 9. h3 Be6 10. Nd4 Nxd4 11. Bxd4 O-O 12. O-O c5 13. Be3 Qb6 14. b4
Qc6 15. Bf3 Qc7 16. a3 a6 17. Qe2 Rac8 18. Qd2 cxb4 19. cxb4 b5 20. Be4 d5 21.
Bd3 Bd6 22. f4 Qd7 23. f5 Qc7 24. fxe6 Bh2+ 25. Kh1 fxe6 26. Qe2 Qg3 27. Qh5 h6
28. Qg6 Rxf1+ 29. Rxf1 Qxg6 30. Bxg6 Be5 31. Bc5 Ra8 32. Bf7+ Kh8 33. Bxe6 Bb2
34. Bxd5 Rd8 35. Be4 Bxa3 36. Ra1 Bb2 37. Rxa6 Be5 38. Ra8 Rxa8 39. Bxa8 g5 40.
Bc6 h5 41. Bxb5 Kg7 42. Kg1 Kf6 43. g4 hxg4 44. hxg4 Ke6 45. Bc4+ Kd7 46. Bd5
Kc8 47. Kf2 Bh2 48. Be3 Kc7 49. Bxg5 Kb6 50. c4 Bc7 51. Be3+ Ka6 52. b5+ Ka5
53. b6 Bxb6 54. Bxb6+ Kxb6 55. g5 Kc7 56. g6 Kb8 57. g7 Ka7 58. g8=Q Kb6 59.
Qb8+ Kc5 60. Qb5+ 1-0

[Event "Ì11Ï "]
[Site "Loo"]
[Date "2017.04.20"]
[Round "1.41"]
[White "Ñìîëêîâ, Ï¸òð."]
[Black "Øåâåë¸â, Äàíèèë."]
[Result "0-1"]
[WhiteElo "1096"]
[BlackElo "1418"]
[PlyCount "90"]
[EventDate "2017.04.20"]

1. e4 c6 2. d4 d5 3. Nc3 dxe4 4. Nxe4 Bf5 5. Bd3 Qxd4 6. Nf3 Qd8 7. O-O e6 8.
Qe2 Bg6 9. h3 Be7 10. Be3 Nd7 11. Bf4 Bxe4 12. Bxe4 Ngf6 13. Ne5 Nxe5 14. Bxe5
O-O 15. Rfd1 Qb6 16. Rd3 Nxe4 17. Qxe4 Rfd8 18. Rg3 g6 19. b3 Bd6 20. Bxd6 Rxd6
21. Rd3 Rxd3 22. Qxd3 Rd8 23. Qe2 Qd4 24. Re1 Qd2 25. Kh2 Qxe2 26. Rxe2 Kg7 27.
Kg3 Kf6 28. f4 b5 29. Kh4 a5 30. g4 Rd4 31. Kg3 a4 32. h4 axb3 33. axb3 Rd5 34.
Re3 Rc5 35. c3 Rd5 36. Rf3 Rd1 37. Rf2 Rd3+ 38. Rf3 Rxf3+ 39. Kxf3 e5 40. Ke4
exf4 41. Kxf4 h5 42. b4 Ke6 43. gxh5 gxh5 44. Kg5 f5 45. Kxh5 Kf6 0-1

[Event "Ì11Ï "]
[Site "Loo"]
[Date "2017.04.20"]
[Round "1.42"]
[White "Âîëîøêèí, Äàíèèë."]
[Black "Øàëèìîâ, Âëàäèìèð."]
[Result "0-1"]
[WhiteElo "1418"]
[BlackElo "1087"]
[PlyCount "40"]
[EventDate "2017.04.20"]

1. e4 e5 2. Nf3 Nc6 3. d4 exd4 4. c3 d5 5. exd5 Qxd5 6. cxd4 Bg4 7. Be2 Bb4+ 8.
Nc3 Bxf3 9. Bxf3 Qc4 10. Bxc6+ bxc6 11. Qe2+ Qxe2+ 12. Kxe2 O-O-O 13. Rd1 Nf6
14. Bg5 Rhe8+ 15. Kf3 Rd6 16. Be3 Bxc3 17. bxc3 Ne4 18. c4 Rf6+ 19. Kg4 Nxf2+
20. Bxf2 Rxf2 0-1

[Event "Ì11Ï "]
[Site "Loo"]
[Date "2017.04.20"]
[Round "1.43"]
[White "Êîíèåâ, Öåðåí."]
[Black "Øåëåïíåâ, Àðòåì."]
[Result "0-1"]
[WhiteElo "1083"]
[BlackElo "1413"]
[PlyCount "44"]
[EventDate "2017.04.20"]

1. e4 e5 2. Nf3 Nf6 3. Nc3 Nc6 4. Bb5 Bb4 5. O-O O-O 6. Nd5 Nxd5 7. exd5 Nd4 8.
Nxd4 exd4 9. a3 Bc5 10. b4 Bd6 11. c4 c6 12. Ba4 d3 13. Qf3 Qh4 14. g3 Qxc4 15.
dxc6 dxc6 16. Bb2 Bg4 17. Qe3 Qd5 18. f3 Bh3 19. Rfe1 c5 20. Bc3 cxb4 21. axb4
Bc7 22. g4 Bb6 0-1

[Event "Ì11Ï "]
[Site "Loo"]
[Date "2017.04.20"]
[Round "1.44"]
[White "Äîâáíÿ, Íèêèòà."]
[Black "Âó, Âëàäèìèð."]
[Result "1-0"]
[WhiteElo "1408"]
[BlackElo "1042"]
[PlyCount "27"]
[EventDate "2017.04.20"]

1. c4 e5 2. Nc3 Nf6 3. g3 Nc6 4. Bg2 d6 5. d3 Rb8 6. Nf3 Be6 7. Ng5 h6 8. Nge4
Be7 9. Nxf6+ gxf6 10. Nd5 Nd4 11. e3 Nc6 12. a3 Bf8 13. b4 Ne7 14. Nxf6# 1-0

[Event "Ì11Ï "]
[Site "Loo"]
[Date "2017.04.20"]
[Round "1.45"]
[White "Êîëûáèí, Ñåðãåé."]
[Black "Çåíêîâ, Ìàêñèì."]
[Result "0-1"]
[WhiteElo "1015"]
[BlackElo "1408"]
[PlyCount "70"]
[EventDate "2017.04.20"]

1. e4 e6 2. Qe2 Nf6 3. Nf3 d5 4. e5 Nfd7 5. g3 c5 6. Bg2 Be7 7. d3 O-O 8. O-O
Nc6 9. h3 b6 10. Re1 Bb7 11. Nbd2 Rc8 12. Nf1 Qc7 13. N1h2 Nd4 14. Nxd4 cxd4
15. Qg4 Qxc2 16. Bh6 g6 17. Bxf8 Bxf8 18. Qxd4 Bc5 19. Qc3 Bxf2+ 20. Kh1 Rxc3
21. bxc3 Bxe1 22. Rxe1 Qxc3 23. Nf3 d4 24. Kg1 Bxf3 25. Bxf3 Qxe1+ 26. Kh2 Qf2+
27. Bg2 Nxe5 28. Kh1 Nxd3 29. g4 Ne1 30. Bc6 d3 31. g5 d2 32. h4 d1=Q 33. h5
Qg2+ 34. Bxg2 Nf3+ 35. Bf1 Qxf1# 0-1

[Event "Ì11Â  "]
[Site "Loo"]
[Date "2017.04.20"]
[Round "1.1"]
[White "Ãðóíèí, Äåíèñ."]
[Black "Äóäàðåâ, Âëàäèñëàâ."]
[Result "0-1"]
[WhiteElo "1556"]
[BlackElo "2051"]
[PlyCount "40"]
[EventDate "2017.04.20"]

1. e4 c5 2. Nf3 d6 3. d4 cxd4 4. Nxd4 Nf6 5. Nc3 g6 6. Be3 Bg7 7. f3 O-O 8. Qd2
Nc6 9. O-O-O Bd7 10. g4 b5 11. Bxb5 Ne5 12. Bxd7 Qxd7 13. Qe2 Rab8 14. h3 Qb7
15. Nb3 Rfc8 16. Rd4 Qc6 17. Rhd1 Nc4 18. Kb1 Nxb2 19. Nd5 Nxd5 20. exd5 Nxd1
0-1

[Event "Ì11Â  "]
[Site "Loo"]
[Date "2017.04.20"]
[Round "1.2"]
[White "Ìàíåëþê, Äàíèèë."]
[Black "Òþãàøåâ, Ãðèãîðèé."]
[Result "1-0"]
[WhiteElo "1976"]
[BlackElo "1524"]
[PlyCount "117"]
[EventDate "2017.04.20"]

1. e4 e6 2. d4 d5 3. Nd2 Nf6 4. e5 Nfd7 5. Bd3 c5 6. c3 Nc6 7. Ne2 Qb6 8. Nf3
cxd4 9. cxd4 f6 10. exf6 Nxf6 11. O-O Bd6 12. a3 a5 13. Nc3 O-O 14. Bc2 Bd7 15.
Qd3 Be8 16. Na4 Qa7 17. Qe3 Bf7 18. Rd1 Rae8 19. Nc3 Qb8 20. Qg5 e5 21. Nb5
exd4 22. Nxd6 Qxd6 23. Bf4 Qc5 24. Rac1 Qe7 25. Qh4 Nh5 26. Qxe7 Rxe7 27. Bd6
Rfe8 28. Bxe7 Rxe7 29. Nxd4 Nf4 30. Nxc6 bxc6 31. Re1 Rc7 32. g3 Ne6 33. Red1
Bh5 34. Rd2 Ng5 35. Bd1 Bg6 36. h4 Ne6 37. Bg4 Kf7 38. h5 Be4 39. f3 Bxf3 40.
Bxf3 Ke7 41. Bg4 Kd6 42. Bxe6 Kxe6 43. Rc5 Kd6 44. Rxa5 c5 45. b4 c4 46. Rdxd5+
Ke6 47. Rdc5 Rxc5 48. Rxc5 g6 49. a4 g5 50. a5 c3 51. a6 c2 52. a7 c1=Q+ 53.
Rxc1 g4 54. a8=Q h6 55. Rc5 Kd6 56. Qc6+ Ke7 57. Rd5 Kf7 58. Rd7+ Ke8 59. Qc8#
1-0

[Event "Ì11Â  "]
[Site "Loo"]
[Date "2017.04.20"]
[Round "1.3"]
[White "Îñíîâèí, Åãîð."]
[Black "Ñèìîíÿí, Ãðèãîðèé."]
[Result "0-1"]
[WhiteElo "1512"]
[BlackElo "1937"]
[PlyCount "120"]
[EventDate "2017.04.20"]

1. e4 c5 2. Ne2 Nc6 3. Nbc3 d6 4. d4 cxd4 5. Nxd4 Nf6 6. Be2 g6 7. O-O Bg7 8.
Nb3 O-O 9. Bg5 h6 10. Bh4 Kh7 11. Kh1 a6 12. f4 b5 13. a3 Bb7 14. Bf3 Na5 15.
Nxa5 Qxa5 16. e5 Bxf3 17. Rxf3 dxe5 18. fxe5 Ng8 19. Qd5 Qd8 20. Rd1 Qxd5 21.
Rxd5 g5 22. Bg3 Kg6 23. Ne4 Rfd8 24. Rfd3 Rxd5 25. Rxd5 Rc8 26. c3 h5 27. e6 f5
28. Nd2 Nf6 29. Rd3 f4 30. Bf2 Rc6 31. h3 Rxe6 32. Nf3 Re2 33. Bd4 Ne4 34. Kh2
Nf2 35. Bxf2 Rxf2 36. Rd5 Bf6 37. Ne5+ Bxe5 38. Rxe5 Kf6 39. Rc5 Rxb2 40. Rc6+
e6 41. Rxa6 Rb3 42. Rb6 Rxc3 43. Rxb5 Rxa3 44. Rb6 Kf5 45. Rb5+ e5 46. Rb4 Ra5
47. Rc4 e4 48. Rc3 e3 49. Rc2 Ke4 50. Rc1 Kd3 51. Rb1 e2 52. Re1 Kd2 53. Rxe2+
Kxe2 54. Kg1 f3 55. gxf3 Kxf3 56. Kh2 Kf2 57. h4 g4 58. Kh1 Ra1+ 59. Kh2 g3+
60. Kh3 Rh1# 0-1

[Event "Ì11Â  "]
[Site "Loo"]
[Date "2017.04.20"]
[Round "1.4"]
[White "Ëûñöîâ, Ëåîíèä."]
[Black "Æóðàâëåâ, Àðòåì."]
[Result "1-0"]
[WhiteElo "1864"]
[BlackElo "1501"]
[PlyCount "91"]
[EventDate "2017.04.20"]

1. d4 f5 2. Bf4 Nf6 3. e3 e6 4. Nf3 Be7 5. Bd3 O-O 6. Nbd2 d5 7. h3 c6 8. c4
Ne4 9. Qc2 Nd7 10. g4 Ndf6 11. Rg1 Nxd2 12. Nxd2 Ne4 13. gxf5 exf5 14. Nf3 Kh8
15. Ke2 Rg8 16. Ne5 Be6 17. f3 dxc4 18. Bxe4 fxe4 19. Qxe4 Qf8 20. Ng6+ hxg6
21. Qxe6 Qf6 22. Rxg6 Qxe6 23. Rxe6 Bf6 24. Be5 Rae8 25. Rxe8 Rxe8 26. Bxf6
gxf6 27. Rc1 b5 28. b3 cxb3 29. axb3 Re6 30. Ra1 Re7 31. Ra6 Rc7 32. b4 Kg7 33.
e4 Kf7 34. Ke3 Ke7 35. h4 Kf7 36. h5 Kg7 37. e5 fxe5 38. dxe5 Kh6 39. Kd4 Kxh5
40. Kc5 Kg5 41. Kd6 Rc8 42. Kd7 Rf8 43. e6 Rxf3 44. Rxc6 Re3 45. e7 Rxe7+ 46.
Kxe7 1-0

[Event "Ì11Â  "]
[Site "Loo"]
[Date "2017.04.20"]
[Round "1.5"]
[White "Æèðêîâ, Âëàäèñëàâ."]
[Black "Âîëêîâ, Ìàêñèì."]
[Result "0-1"]
[WhiteElo "1485"]
[BlackElo "1862"]
[PlyCount "66"]
[EventDate "2017.04.20"]

1. e4 e6 2. d4 d5 3. e5 c5 4. c3 Qb6 5. a3 Bd7 6. b4 cxd4 7. cxd4 Bb5 8. Bxb5+
Qxb5 9. Ne2 Ne7 10. Nd2 Nf5 11. O-O Be7 12. Nb3 O-O 13. Bb2 Nd7 14. Rc1 Rfc8
15. Qd2 Nb6 16. Na5 Bd8 17. Rxc8 Nxc8 18. Nb3 Nb6 19. Na5 Na4 20. Nb3 a5 21.
Nc3 Nxc3 22. Bxc3 a4 23. Nc5 b6 24. Nd3 Qc4 25. Rc1 Nxd4 26. Bb2 Nb3 27. Rxc4
Nxd2 28. Rc6 Nc4 29. Bc1 Kf8 30. f4 Ke7 31. b5 Kd7 32. Ne1 Ra5 33. Nc2 Rxb5 0-1

[Event "Ì11Â  "]
[Site "Loo"]
[Date "2017.04.20"]
[Round "1.6"]
[White "Èñìàãèëîâ, Èãîðü."]
[Black "Ñàâåëüåâ, Èâàí."]
[Result "1/2-1/2"]
[WhiteElo "1853"]
[BlackElo "1478"]
[PlyCount "138"]
[EventDate "2017.04.20"]

1. d4 d5 2. Bf4 Nf6 3. e3 Bf5 4. Nd2 e6 5. c4 Nbd7 6. Ngf3 Be7 7. Be2 O-O 8.
Ne5 Nxe5 9. dxe5 Ne4 10. Nxe4 dxe4 11. Qb3 b6 12. Rd1 Qe8 13. O-O Qc6 14. Rd4
Bc5 15. Rd2 Rad8 16. Rfd1 Rxd2 17. Rxd2 Be7 18. Qd1 Bb4 19. Rc2 Be7 20. Rd2 Bb4
21. Rd8 Be7 22. Rxf8+ Bxf8 23. Qd8 Qc5 24. h4 h6 25. g4 Bg6 26. h5 Bh7 27. g5
hxg5 28. Bxg5 f6 29. Bf4 fxe5 30. Bg5 Qd6 31. Qa8 a5 32. h6 Qd7 33. Bh5 Bf5 34.
Kg2 g6 35. Be2 Qf7 36. Qd8 Kh7 37. Qd1 Bd6 38. Qh1 Be7 39. Qh4 Bxg5 40. Qxg5
Qf8 41. Kg3 Qxh6 42. Qxh6+ Kxh6 43. Bd1 Kg5 44. Bc2 Kh5 45. a3 c5 46. Bd1+ Kg5
47. Be2 Kh6 48. Kh4 g5+ 49. Kg3 Kg6 50. Bd1 Kh6 51. Ba4 Kg6 52. Be8+ Kf6 53.
Bh5 Bg6 54. Be2 Bf5 55. Kg2 Bg6 56. Kf1 Kf5 57. Kg1 g4 58. Kg2 Kg5 59. Kg3 Bf5
60. Bd1 Kh5 61. Ba4 Kg5 62. Be8 Bh7 63. Bc6 Bf5 64. Bd7 Kh5 65. Be8+ Kg5 66.
Bf7 Kf6 67. Be8 Kg5 68. a4 Bh7 69. Bb5 Bf5 1/2-1/2